000 00703nam a22001697a 4500
005 20231106112856.0
008 231106b |||||||| |||| 00| 0 eng d
020 _a0702114898
041 _aEnglish
082 _a346.5 KER
100 _aKernick, LA
_lEnglish
245 _a1984 Supplement to Administration of Deceased Estates /
_cLA Kernick
260 _aCape Town :
_bJuta and Company Ltd,
_c1984
300 _bv, 26 pages ;
_c26 cm.
650 _aLegal practice
_bLaw
942 _cBK
_6ALISON_BN_VRIES
999 _c314
_d314